| 000 | 01433nam0a2200409 4500 | ||
|---|---|---|---|
| 001 | RU\NLR\bibl\136303 | ||
| 005 | 20260405133408.0 | ||
| 010 |
_a5-7997-0197-6 _9500 |
||
| 021 |
_aRU _b2000-35348 _91638 |
||
| 035 | _a(NLR Aleph) 000133520 | ||
| 090 |
_a763041 _c763041 |
||
| 100 | _a20010205d2000 |||y0rusy50 ca | ||
| 101 | 1 |
_arus _aeng _ceng |
|
| 102 | _aRU | ||
| 105 | _ay ||||||||| | ||
| 200 | 1 |
_aКорабль Севера _dThe North ship _e[Стихи] _fФилипп Ларкин _g[Пер., вступ. ст. А. В. Машиняна] _zeng |
|
| 210 |
_aСПб. _cБ.и. _d2000 |
||
| 215 |
_a51 с. _cил. _d21 |
||
| 300 | _aАвт. также на англ. яз.: Philip Larkin | ||
| 300 | _aТекст парал. : англ., рус. | ||
| 510 | 1 |
_6z45790 _aThe North ship _zeng |
|
| 675 |
_a821.161.1-1Ларкин _v3 _zrus |
||
| 686 |
_a17.82 _2rugasnti |
||
| 686 |
_a84(2Рос=Рус)6-5 _2rubbk |
||
| 686 | _aШ6(4Вл)67-5я44 | ||
| 686 | _aШ6(2=Р)75-57 | ||
| 700 | 1 |
_4070 _8rus _7ca _aЛаркин _bФ. _f1922-1985 _gФилип _3RU\NLR\auth\7754094 _937026 |
|
| 702 | 1 |
_aМашинян _bА. В. _4730 |
|
| 790 | 1 |
_4070 _8eng _7ba _aLarkin _bF. _f1922-1985 _gPhilip _3RU\NLR\auth\7754095 _937027 |
|
| 801 | 0 |
_aRU _bRKP _c20010205 _gPSBO |
|
| 801 | 1 |
_aRU _bRKP _c20010205 |
|
| 801 | 2 |
_aRU _bNLR _c20070707 _grcr |
|
| 942 | _cBOOK | ||
| 980 | _aNB | ||